| 000 | 00343nam a2200133Ia 4500 | ||
|---|---|---|---|
| 008 | 240624s9999 xx 000 0 und d | ||
| 041 | _aeng | ||
| 082 | _a320.520973 MAY | ||
| 100 | _aMAYER JANE | ||
| 245 | _aDARK MONEY THE HIDDEN HISTORY OF THE BIL | ||
| 260 |
_c2016 _aNew York _bDoubleday |
||
| 300 | _axii, 449 p.; 23 cm. | ||
| 365 |
_c _b38 |
||
| 999 |
_c30500 _d30500 |
||